| 000 | 00360nam a22001337a 4500 | ||
|---|---|---|---|
| 020 | _a0071156925 | ||
| 040 | _cNust | ||
| 082 |
_a620.0042 _bEID |
||
| 100 |
_aArvid R. Eide _9127443 |
||
| 245 | _aIntroduction to engineering design | ||
| 260 |
_aBoston: _bMcGraw Hill company, _c1998. |
||
| 650 |
_aIntroduction to engineering design _9127444 |
||
| 942 |
_2ddc _cBK |
||
| 999 |
_c612568 _d612568 |
||